[Event "7th Amplico AIG Life Gp2"]
[Site "Warsaw POL"]
[Date "2007.12.16"]
[Round "3"]
[White "Moiseenko,A1"]
[Black "Moranda,W"]
[Result "0-1"]
[WhiteElo "2646"]
[BlackElo "2533"]

1.d4 Nf6 2.c4 e6 3.Nc3 Bb4 4.Nf3 b6 5.Bg5 Bb7 6.Nd2 h6 7.Bh4 c5 8.d5 Bxc3
9.bxc3 Qe7 10.f3 exd5 11.cxd5 Bxd5 12.e4 g5 13.Bf2 Nc6 14.Ba6 Be6 15.O-O Rd8
16.Re1 Ne5 17.Nf1 d6 18.Ne3 Kf8 19.Qd2 Kg7 20.Rad1 Nh5 21.Bf1 Qf6 22.Kh1 Nf4
23.c4 Rhg8 24.Qc2 Kh8 25.Rd2 Rd7 26.Red1 Rgd8 27.a4 Nc6 28.Qb1 Ng6 29.Be1 Nge5
30.Rf2 Ng6 31.Qc1 Kg8 32.Bc3 Nge5 33.g3 Qg6 34.Bg2 Nxc4 35.Nxc4 Bxc4 36.f4 d5
37.fxg5 dxe4 38.Rxd7 Rxd7 39.gxh6 Qg4 40.Be1 Rd1 41.Qc3 Nd4 42.h3 Qg6 43.Kh2 Bd5
44.Rf4 f5 45.h7+ Qxh7 46.Rh4 Qg7 47.Qe3 Ne6 48.Bc3 Rd3 49.Bxg7 Rxe3 50.Be5 Re2
51.Kg1 Nd4 52.Rh8+ Kf7 53.Rh7+ Ke6 54.Bf4 Nf3+ 55.Bxf3 exf3 56.Rh6+ Kf7 57.Rh7+ Kg8
58.Rd7 Rg2+ 59.Kh1 f2  0-1

[Event "Open A"]
[Site "Zadar CRO"]
[Date "2007.12.20"]
[Round "7"]
[White "Ascic,P"]
[Black "Franic,M"]
[Result "1/2-1/2"]
[WhiteElo "2394"]
[BlackElo "2401"]

1.d4 Nf6 2.c4 e6 3.Nc3 Bb4 4.Nf3 b6 5.g3 Bb7 6.Bg2 O-O 7.O-O Bxc3 8.bxc3 d6
9.Re1 Re8 10.Bg5 h6 11.Bxf6 Qxf6 12.Qc2 Nc6 13.Rab1 e5 14.d5 Na5 15.Nd2 Bc8
16.Qa4 Qd8 17.e4 Bd7 18.Qc2 c6 19.dxc6 Be6 20.Bf1 Qc7 21.Bd3 Qxc6 22.Rb4 Rac8
23.Qd1 Nb7 24.Bf1 Re7 25.Qe2 Rec7 26.Qe3 Na5 27.Bd3 f6 28.Bc2 Qd7 29.Qd3 Qf7
30.Bb3 Nb7 31.Qe3 Rc5 32.Rd1 Kh8 33.Qd3 Qc7 34.Rc1 Na5 35.Rd1 Bg8 36.h4 a6
37.Nf1 Nxc4 38.Bxc4 Rxc4 39.Ne3 Rxb4 40.cxb4 Bxa2 41.Qxa6 Be6 42.Qd3 Rd8
43.Nd5 Qc6 44.Qe3 Bxd5 45.Rxd5 Kg8 46.Qd3 Kf8 47.Kg2 Ke7 48.b5 Qc7 49.Qf3 Ra8
50.Qg4 Kf7 51.h5 Ra4 52.Rd2 Qb7 53.Rxd6 Qxe4+ 54.Qxe4 Rxe4 55.Rxb6 Rb4 56.Rb7+ Ke6
57.Rxg7 Rxb5 58.Rg6 e4 59.Rxh6 Kf7 60.g4 Rg5 61.Kg3 f5 62.Kf4 Rxg4+ 63.Kxf5 Rg2
64.Rf6+ Ke7 65.Ke5 Rh2 66.Rf5 Rh4 67.Kd5 Kd7 68.Rf7+ Ke8 69.Rf5 Kd7 70.Ke5 Ke7
71.Kd4 Ke6 72.Ra5 Kf6 73.Ke3 Kg7 74.Ke2 Kh6 75.Ke3 Kg7 76.Re5 Kh6 77.Rxe4 Rxh5
78.Rg4 Re5+ 79.Kf4 Re8 80.f3 Rf8+ 81.Kg3 Rf6 82.Rg8 Rf7 83.Kg4 Kh7 84.Rg5 Kh6
85.f4 Kh7 86.f5 Rg7 87.f6 Ra7 88.Kh5 Rf7 89.Rf5 Rf8 90.Rf1 Ra8 91.Kg5 Rg8+
92.Kf5 Rg2 93.Ke6 Kg8 94.Rf5 Re2+ 95.Re5 Rxe5+ 96.Kxe5 Kf7 97.Kf5 Kf8  1/2-1/2

[Event "XX Carlos Torre Magistral"]
[Site "Merida MEX"]
[Date "2007.12.22"]
[Round "9"]
[White "Vera Gonzalez Quevedo,R"]
[Black "Gonzalez Zamora,J"]
[Result "1/2-1/2"]
[WhiteElo "2495"]
[BlackElo "2552"]

1.d4 Nf6 2.Nf3 e6 3.c4 Bb4+ 4.Nc3 b6 5.e3 O-O 6.Bd3 Bb7 7.O-O Bxc3 8.bxc3 c5
9.Nd2 Nc6 10.Nb3 d6 11.e4 e5 12.dxc5 dxc5 13.Qe2 Ne8 14.f4 Nd6 15.f5 f6 16.Rf3 Qe7
17.g4 Qf7 18.Rg3 Ba6 19.g5 fxg5 20.Bxg5 Bxc4 21.Rd1 Kh8 22.Rh3 Bxd3 23.Rdxd3 Ne8
24.Rh4 Nf6  1/2-1/2

[Event "Harmonie Open A"]
[Site "Groningen NED"]
[Date "2007.12.23"]
[Round "3"]
[White "Hovenga,A"]
[Black "Wielenga,W"]
[Result "1-0"]
[WhiteElo "2186"]
[BlackElo "2118"]

1.d4 Nf6 2.c4 e6 3.Nc3 Bb4 4.Nf3 b6 5.Qb3 a5 6.Bg5 Bb7 7.e3 d6 8.Bd3 Nbd7
9.O-O Bxc3 10.Qxc3 h6 11.Bh4 g5 12.Bg3 Ne4 13.Bxe4 Bxe4 14.Nd2 Bg6 15.c5 dxc5
16.dxc5 O-O 17.cxb6 cxb6 18.Bc7 Qe7 19.Nc4 Rfc8 20.Nd6 Nf6 21.Nxc8 Rxc8 22.Bd6 Qd8
23.Be7 Nd5 24.Bxd8 Nxc3 25.Bxb6 Ne2+ 26.Kh1 a4 27.Bd4 Be4 28.b4 Rc7 29.a3 g4
30.Rfe1 h5 31.Bf6 Kh7 32.Rf1 Kg6 33.Bh4 Bd5 34.f3 f5 35.b5 Rc5 36.Rf2 gxf3
37.gxf3 Rxb5 38.Rxe2 Bxf3+ 39.Rg2+ Kf7 40.Kg1  1-0

[Event "Abierto"]
[Site "Pamplona ESP"]
[Date "2007.12.23"]
[Round "3"]
[White "San Segundo Carrillo,P"]
[Black "Paulet,I"]
[Result "1-0"]
[WhiteElo "2536"]
[BlackElo "2276"]

1.d4 Nf6 2.c4 e6 3.Nc3 Bb4 4.Nf3 O-O 5.Bg5 d5 6.e3 Nbd7 7.cxd5 exd5 8.Bd3 Re8
9.Qc2 h6 10.Bh4 c5 11.O-O c4 12.Bh7+ Kh8 13.Nxd5 Be7 14.Nxe7 Qxe7 15.Bf5 b5
16.a4 bxa4 17.Rxa4 Nb6 18.Raa1 Bb7 19.Ne5 g5 20.Bg3 Kg7 21.Nxc4 Nxc4 22.Qxc4 Nd5
23.Ra5 Red8 24.Qc5 Qe8 25.Rxa7 Rxa7 26.Qxa7 Ba8 27.Be5+ Kg8 28.e4 Ne7 29.Qb6 Nc6
30.f4 gxf4 31.Bxf4 Rxd4 32.Qb3 Ne7 33.Qg3+ Ng6 34.h4 Bxe4 35.Bxe4 Rxe4 36.h5 Qb5
37.hxg6 Qb6+ 38.Kh2 fxg6 39.Bxh6  1-0

[Event "Weihnachtsopen Meister"]
[Site "Zurich SUI"]
[Date "2007.12.27"]
[Round "3"]
[White "Schaufelberger,H"]
[Black "Zude,A"]
[Result "0-1"]
[WhiteElo "2332"]
[BlackElo "2439"]

1.d4 Nf6 2.c4 e6 3.Nf3 Bb4+ 4.Nc3 b6 5.Qb3 Qe7 6.a3 Bxc3+ 7.Qxc3 h6 8.e3 Bb7
9.Be2 d6 10.O-O Nbd7 11.b4 O-O 12.Bb2 c5 13.dxc5 bxc5 14.b5 Rfd8 15.a4 Ne8
16.Nd2 f5 17.Bf3 Ne5 18.Bxb7 Qxb7 19.f3 Nf6 20.h3 Ng6 21.Nb3 f4 22.Na5 Qf7
23.Nc6 Rd7 24.Rad1 fxe3 25.Qxe3 e5 26.Na5 Nf4 27.Kh2 Re8 28.g3 Ne6 29.Qd3 Nd4
30.Rde1 Nh5 31.Bxd4 exd4 32.Nc6 Re6 33.a5 Nf6 34.Rxe6 Qxe6 35.Rf2 d5 36.cxd5 Qxd5
37.Rc2 Kh8 38.f4 Qe4 39.Rd2 Qd5 40.Ne5 Rb7 41.a6 Rb6 42.Nc6 c4 43.Qxd4 Qxb5
44.Nxa7 Qxa6 45.Nc8 Rb1 46.Ne7 Qb7 47.Nd5 Nxd5 48.Qxd5 Qxd5 49.Rxd5 c3  0-1

[Event "XIX Open"]
[Site "Villa de Roquetas ESP"]
[Date "2008.01.02"]
[Round "1"]
[White "Ubilava,E"]
[Black "Bendayan Claros,A"]
[Result "1-0"]
[WhiteElo "2544"]
[BlackElo "1984"]

1.d4 Nf6 2.c4 e6 3.Nc3 Bb4 4.Nf3 c5 5.g3 cxd4 6.Nxd4 O-O 7.Bg2 d5 8.cxd5 Nxd5
9.Bd2 Nc6 10.Nxd5 Bxd2+ 11.Qxd2 exd5 12.O-O Qb6 13.Rfd1 Rd8 14.Rac1 Be6 15.b3 Rac8
16.Nxe6 fxe6 17.Rc3 Rf8 18.e3 Rf6 19.Rc2 Rcf8 20.Qc3 Qc7 21.f4 Qb6 22.Qc5 R6f7
23.Qxb6 axb6 24.e4 dxe4 25.Bxe4 Nb4 26.Rcd2 Re7 27.Rd7 Rff7 28.Rd8+ Rf8 29.Bxh7+ Kf7
30.Bg6+  1-0

[Event "5th TCh-Asia w"]
[Site "Visakhpatnam IND"]
[Date "2008.01.06"]
[Round "4"]
[White "Zhao Xue"]
[Black "Hamrakulova,Y"]
[Result "1-0"]
[WhiteElo "2517"]
[BlackElo "2210"]

1.d4 Nf6 2.c4 e6 3.Nc3 Bb4 4.Nf3 d5 5.cxd5 exd5 6.Bg5 O-O 7.e3 Nbd7 8.Rc1 h6
9.Bh4 c6 10.Bd3 Re8 11.O-O a5 12.Bb1 Be7 13.Bg3 Nf8 14.Ne5 Bd6 15.f4 Qb6
16.Bh4 N8h7 17.Kh1 Rf8 18.e4 dxe4 19.Nxe4 Nxe4 20.Bxe4 f5 21.Bf3 Be6 22.d5 cxd5
23.Ng6 Rfe8 24.Bxd5 Nf8 25.Bxe6+ Rxe6 26.Qd5 Re8 27.Rfe1 Kh7 28.Rxe6 Nxe6
29.Qxf5 Nd4 30.Qd3 Kg8 31.Rd1 Bc5 32.Ne5 Qc7 33.Qc4+ Ne6 34.Qd5 Kh8 35.Ng6+ Kh7
36.Qe4 Qc6 37.Qd3 Kg8 38.f5 Nf8 39.Qc4+ Kh7 40.Nxf8+ Rxf8 41.Qd3 Kh8 42.b3 b6
43.h3 Qe8 44.Rf1 Qe3 45.Qxe3 Bxe3 46.g4 Rc8 47.Re1 Bd4 48.Rd1 Bf6 49.Bxf6 gxf6
50.Rd6 Kg7 51.Rxb6 Rc1+ 52.Kg2 Rc2+ 53.Kg3 Rxa2 54.Kh4 Rh2 55.Rb5 h5 56.Rxa5 hxg4
57.Kxg4 Rg2+ 58.Kf3 Rh2 59.Kg3 Rc2 60.Rb5 Kh6 61.h4 Kh5 62.Rb6 Rc1 63.Kf4 Rc3
64.Rxf6 Rxb3 65.Rf8 Rb4+ 66.Ke5 Kxh4 67.f6 Kh5 68.Rg8 Rb7 69.Ke6 Rb6+ 70.Ke7 Rb7+
71.Kf8 Kh6 72.f7 Kh7 73.Rg7+ Kh8 74.Rg4 Rb8+ 75.Ke7 Rb7+ 76.Kf6 Rb6+ 77.Kf5 Rb8
78.Kg6 Rb6+ 79.Kh5 Rb8 80.Kh6 Ra8 81.Rg6 Rb8 82.Re6  1-0

[Event "ch-BLR"]
[Site "Minsk BLR"]
[Date "2008.01.16"]
[Round "7"]
[White "Smirnov,Va"]
[Black "Stupak,K"]
[Result "1/2-1/2"]
[WhiteElo "2394"]
[BlackElo "2412"]

1.d4 e6 2.Nf3 Nf6 3.c4 Bb4+ 4.Nc3 c5 5.e3 d6 6.Bd3 Nc6 7.Bd2 cxd4 8.exd4 e5
9.d5 Bxc3 10.Bxc3 Nb8 11.Nd2 Nbd7  1/2-1/2

[Event "115th ch-NZL"]
[Site "Auckland NZL"]
[Date "2008.01.18"]
[Round "5"]
[White "Hart,R"]
[Black "Thornton,G"]
[Result "1-0"]
[WhiteElo "2174"]
[BlackElo "2095"]

1.c4 e6 2.d4 Nf6 3.Nc3 Bb4 4.Nf3 d5 5.cxd5 exd5 6.Bg5 O-O 7.e3 Bg4 8.Qb3 Bxc3+
9.bxc3 Bxf3 10.gxf3 Nbd7 11.Qxb7 c5 12.Bh3 cxd4 13.Qxd7 Qxd7 14.Bxd7 Nxd7
15.cxd4 Rab8 16.O-O Nb6 17.Rfc1 Rbc8 18.Be7 Rfe8 19.Bc5 Nc4 20.Bxa7 Rc6 21.Rab1 Rg6+
22.Kh1 h5 23.Rb8 Rxb8 24.Bxb8 Nd2 25.a4 Nxf3 26.a5 h4 27.h3 Ra6 28.Bc7 Nd2
29.Rc5 Ne4 30.Rxd5 Rg6 31.Rf5  1-0

[Event "ch-AZE"]
[Site "Baku AZE"]
[Date "2008.01.21"]
[Round "2"]
[White "Akhmedov,F"]
[Black "Gasimov,R"]
[Result "1-0"]
[WhiteElo "2246"]
[BlackElo "2394"]

1.d4 Nf6 2.c4 e6 3.Nc3 Bb4 4.Nf3 Nc6 5.Bf4 Bxc3+ 6.bxc3 d6 7.e3 Qe7 8.Be2 e5
9.Bg3 Ne4 10.Qc2 Nxg3 11.hxg3 h6 12.c5 dxc5 13.d5 Nb8 14.Qe4 Nd7 15.Bb5 O-O
16.Bxd7 Bxd7 17.Qxe5 Qd6 18.Qxd6 cxd6 19.Nd2 Rfd8 20.a4 b6 21.O-O Rab8 22.Rfb1 f5
23.f3 Kf7 24.Kf2 Ke7 25.c4 Rf8 26.Re1 Kd8 27.e4 fxe4 28.Nxe4 Kc7 29.Nc3 Rbe8
30.Nb5+ Bxb5 31.axb5 Kb7 32.f4 Rxe1 33.Rxe1 Rf7 34.Re6 Rd7 35.Ke3 a5 36.Re8 Kc7
37.Rg8 Re7+ 38.Kd3 Rf7 39.Ra8 Kb7 40.Rd8 Kc7 41.Re8 Kb7 42.Rd8 Kc7 43.Rg8 Kb7
44.Kc3 Kc7 45.Re8 Kb7 46.Kd3 Kc7 47.Ke4 Kb7 48.Kf3 Kc7 49.Kg4 Rd7 50.Kf5 Rd8
51.Re1 Rd7 52.Re8 Rd8 53.Re3 g5 54.Kg6 gxf4 55.gxf4 Rg8+ 56.Kxh6 Rxg2 57.f5 Kd7
58.f6 a4 59.f7 Rf2 60.Kg7 Rg2+ 61.Kf8 Rg4 62.Re7+ Kd8 63.Rb7 Rxc4 64.Kg7  1-0

[Event "Open"]
[Site "Marianske Lazne CZE"]
[Date "2008.01.21"]
[Round "3"]
[White "Bae,T"]
[Black "Sobeck,G"]
[Result "1-0"]
[WhiteElo "2386"]
[BlackElo "2158"]

1.d4 Nf6 2.c4 e6 3.Nc3 Bb4 4.Nf3 b6 5.g3 Bb7 6.Bg2 Ne4 7.Qc2 f5 8.O-O Bxc3
9.bxc3 Qc8 10.d5 O-O 11.Nd4 exd5 12.cxd5 Bxd5 13.Nxf5 Qe8 14.c4 Bb7 15.g4 Rf6
16.Bb2 Rg6 17.f3 Nd6 18.e4 Nc6 19.c5 Nf7 20.h3 d5 21.exd5 Nb4 22.Qb3 Nxd5
23.f4 Rd8 24.Rad1 c6 25.cxb6 Rd7 26.bxa7 Qd8 27.Rfe1 h5 28.gxh5 Rxg2+ 29.Kxg2 c5
30.Kh2 Nxf4 31.Qxb7 Rd2+ 32.Kh1 Rxd1 33.a8=Q Rxe1+ 34.Kh2 Re2+ 35.Kg3 Nxh5+
36.Kg4  1-0

[Event "ch-CRO"]
[Site "Split CRO"]
[Date "2008.01.22"]
[Round "7"]
[White "Jankovic,A"]
[Black "Palac,M"]
[Result "1-0"]
[WhiteElo "2541"]
[BlackElo "2575"]

1.d4 Nf6 2.c4 e6 3.Nc3 Bb4 4.Nf3 c5 5.g3 cxd4 6.Nxd4 Ne4 7.Qd3 Bxc3+ 8.bxc3 Nc5
9.Qf3 d6 10.Bg2 Nbd7 11.O-O Ne5 12.Qf4 Bd7 13.Nb5 Bxb5 14.cxb5 O-O 15.Be3 Rc8
16.Rfd1 Qe7 17.h3 f6 18.Qd4 d5 19.f4 Nc4 20.f5 Rfd8 21.Bf2 Nd6 22.fxe6 Nce4
23.Qxd5 Nxc3 24.Qb3 Nxd1 25.Rxd1 f5 26.Bxa7 Re8 27.g4 fxg4 28.hxg4 Kh8 29.Qb4 Nc4
30.Qxe7 Rxe7 31.Bf2 Ne5 32.Bc5 Ree8 33.Bd4 Rcd8 34.Bxb7 Rxe6 35.e3 Kg8 36.a4 Nxg4
37.e4 Rg6 38.Kf1 Ne3+ 39.Bxe3 Rxd1+ 40.Ke2 Ra1 41.Bd5+ Kf8 42.b6 Rg2+ 43.Kf3 Rb2
44.Bd4 Rf1+ 45.Kg3 Rd2 46.Bc5+ Ke8 47.a5 Rd3+ 48.Kh4 g5+ 49.Kh5 Rh3+ 50.Kg4 Rh4+
51.Kxg5 Rff4 52.b7 Rhg4+ 53.Kh6 Rh4+ 54.Kg7 Rhg4+ 55.Kh8  1-0

[Event "6th Gibtelecom Masters"]
[Site "Gibraltar ENG"]
[Date "2008.01.24"]
[Round "3"]
[White "Socko,B"]
[Black "Wintzer,J"]
[Result "1-0"]
[WhiteElo "2635"]
[BlackElo "2349"]

1.d4 e6 2.c4 Nf6 3.Nc3 Bb4 4.Nf3 c5 5.g3 cxd4 6.Nxd4 O-O 7.Bg2 d5 8.cxd5 Nxd5
9.Qb3 Qa5 10.Bd2 Nc6 11.Nxc6 bxc6 12.O-O Bxc3 13.bxc3 Ba6 14.Qc2 Bxe2 15.c4 Qc5
16.Rfc1 Nf6 17.Be3 Qh5 18.h3 Rfd8 19.g4 Bxg4 20.hxg4 Nxg4 21.Qe4 Rac8 22.Bf3 Qh2+
23.Kf1 Nxe3+ 24.Qxe3 c5 25.Rd1 Qh3+ 26.Ke2 Qh4 27.Rxd8+ Qxd8 28.Rd1 Qc7 29.Qd3 g6
30.Qd7 Qe5+ 31.Kf1 Rc7 32.Qd6 Qxd6 33.Rxd6 Kf8 34.Rd8+ Ke7 35.Rh8 h5 36.a4 Kd6
37.a5 Re7 38.Rc8 Rc7 39.Ra8 Ke5 40.a6 Rd7 41.Bc6 Rc7 42.Bb7 Kd4 43.Rxa7 Kc3
44.Ra8 Kxc4 45.Rd8  1-0

[Event "6th Gibtelecom Masters"]
[Site "Gibraltar ENG"]
[Date "2008.01.28"]
[Round "7"]
[White "Kuzubov,Y"]
[Black "Papadopoulos,I"]
[Result "1-0"]
[WhiteElo "2606"]
[BlackElo "2444"]

1.d4 Nf6 2.c4 e6 3.Nc3 Bb4 4.Nf3 O-O 5.e3 b6 6.Bd3 Bb7 7.O-O d5 8.Qe2 Nbd7
9.a3 Bd6 10.Rd1 dxc4 11.Bxc4 Ne4 12.Nxe4 Bxe4 13.Nd2 Bc2 14.Re1 Bg6 15.e4 e5
16.f4 exf4 17.e5 Re8 18.Qf1 Bf8 19.Nf3 c6 20.e6 fxe6 21.Bxe6+ Kh8 22.Bxf4 Nf6
23.Qc4 Bd6 24.Bg5 Qc7 25.Bxf6 gxf6 26.Rac1 c5 27.d5 a6 28.Kh1 b5 29.Qc3 Qg7
30.b3 Ra7 31.Nh4 Rc7 32.Bf5 Be5 33.Qh3 Bh5 34.Be6 Qg5 35.Nf3 Bxf3 36.Qxf3 c4
37.Bf5 Rg8 38.bxc4 bxc4 39.Qh3 c3 40.d6 Bxd6 41.Rxc3 Rcg7 42.Rg1 Qf4 43.Bd3 Re7
44.Bxa6 Rg6 45.Rc4 Qe3 46.Rc3 Qxh3 47.Rxh3 Ra7 48.Bd3 Rgg7 49.Re1 Rge7 50.Rc1 Rec7
51.Rb1 Rc3 52.a4 Ra3 53.Bb5 Rxh3 54.gxh3 Kg7 55.Ra1 Bb4 56.Rg1+ Kf8 57.Rg4 Bc3
58.Rc4 Bd2 59.Kg2 f5 60.Kf3 f4 61.Rd4 Be3 62.Rd6 Kg7 63.h4 Bc5 64.Rc6 Be7
65.h5 Bb4 66.h6+ Kf7 67.Kxf4 Rd7 68.Ke5 Re7+ 69.Kf5 Re3 70.Rc7+ Re7 71.Rc8 Re3
72.Bc4+ Ke7 73.Rc7+ Kd6 74.Rxh7 Bd2 75.Bb5 Re5+ 76.Kg4 Re4+ 77.Kf3 Re3+ 78.Kg2 Kc5
79.Rc7+  1-0

[Event "ch-CRO"]
[Site "Split CRO"]
[Date "2008.01.28"]
[Round "12"]
[White "Cvitan,O"]
[Black "Hulak,K"]
[Result "1/2-1/2"]
[WhiteElo "2535"]
[BlackElo "2552"]

1.d4 Nf6 2.c4 e6 3.Nc3 Bb4 4.Nf3 O-O 5.Bg5 h6 6.Bh4 d5 7.e3 Nbd7 8.Rc1 dxc4
9.Bxc4 c5 10.O-O cxd4 11.exd4 Be7 12.Re1 Nb6 13.Bd3 Nh5 14.Bg3 Nxg3 15.hxg3 Bd7
16.Bc2 Rc8 17.Qd3 g6 18.Ne5 Be8 19.Bb3 Kg7 20.Rcd1 Rc7 21.Qe3 Bc6 22.Ng4 Bg5
23.Qe5+ Kh7 24.Qa5 Qb8 25.Ne5 Bf6 26.d5 exd5 27.Bxd5 Bxe5 28.Rxe5 Rd7 29.Ree1 Nxd5
30.Nxd5 Bxd5 31.Rxd5 Qd8 32.Ree5 Qxa5 33.Rxa5 b6 34.Ra3 Rc8 35.Re2 Rc1+ 36.Kh2 h5
37.g4 hxg4 38.Kg3 f5 39.Rae3 Kh6 40.Re7 Rcc7 41.Rxd7 Rxd7 42.Kf4 Rd5 43.b3 g5+
44.Kg3 Kh5 45.Kh2 f4 46.Rc2 Rd3 47.g3 f3 48.b4 Rd1 49.a4 Ra1 50.a5 bxa5 51.bxa5 Kg6
52.Rc5 Kf6 53.Rd5 Re1 54.a6 Re6 55.Ra5 Re5 56.Ra4 Kf5 57.Kg1 Re1+ 58.Kh2 Re6
59.Kg1 Rc6 60.Kh2 Rc5 61.Kg1 Ke6 62.Kh2 Kd6 63.Rxg4 Ra5 64.Kh3 Rxa6 65.Rxg5 Ra2
66.Kg4 Rxf2  1/2-1/2

[Event "13th HIT Open A"]
[Site "Nova Gorica SLO"]
[Date "2008.01.31"]
[Round "8"]
[White "Cebalo,M"]
[Black "Lenic,L"]
[Result "1/2-1/2"]
[WhiteElo "2547"]
[BlackElo "2568"]

1.d4 Nf6 2.c4 e6 3.Nc3 Bb4 4.Nf3 b6 5.Bg5 Bb7 6.Nd2 h6 7.Bh4 c5 8.a3 cxd4
9.axb4 dxc3 10.bxc3 d6 11.e4 Nbd7 12.f3 Qc7 13.Be2 Nh5 14.O-O Nf4 15.Bg3 Nxe2+
16.Qxe2 O-O 17.Rfd1 Ne5 18.c5 bxc5 19.Nc4 Nxc4 20.Qxc4 Rfd8 21.bxc5 e5 22.h4 a6
23.Bf2 Rdc8 24.Rd2 dxc5 25.Rad1 Bc6 26.Qxc5 Bb5 27.Rd5 Qxc5 28.Rxc5 Rxc5
29.Bxc5 Bc4 30.Rd7 a5 31.Ra7 Rxa7 32.Bxa7 a4 33.Bc5 f6 34.Kf2 Kf7 35.Ke3 Ke6
36.h5 Kf7 37.g4 Bb3 38.Kd2 Bc4 39.Bb4 g6 40.hxg6+  1/2-1/2

[Event "FISS Int"]
[Site "San Cristobal VEN"]
[Date "2008.01.31"]
[Round "2"]
[White "Castro,O"]
[Black "Iturrizaga,E"]
[Result "0-1"]
[WhiteElo "2389"]
[BlackElo "2470"]

1.d4 Nf6 2.c4 e6 3.Nc3 Bb4 4.Nf3 b6 5.Bg5 Bb7 6.e3 h6 7.Bh4 g5 8.Bg3 Ne4
9.Rc1 h5 10.h4 g4 11.Nd2 Nxg3 12.fxg3 f5 13.Kf2 c5 14.a3 cxd4 15.axb4 dxc3
16.Rxc3 Nc6 17.b5 Ne5 18.Be2 O-O 19.Nb3 d6 20.Qd4 Nf7 21.Rf1 Qe7 22.Kg1 Rad8
23.Qd2 Ne5 24.Qc1 Ng6 25.Nd4 Qf6 26.Ra3 Qe5 27.Rxa7 Rd7 28.Qe1 Qxe3+ 29.Qf2 Qxf2+
30.Kxf2 Kf7 31.Rfa1 Ne7 32.b4 Rc7 33.Nb3 Nc8 34.R7a2 Ke7 35.Bd3 f4 36.gxf4 Rxf4+
37.Kg3 e5 38.Rf2 d5 39.Rxf4 exf4+ 40.Kxf4 dxc4 41.Rc1 Nd6 42.Bf1 Kf6 43.Nd4 Re7
44.Nc6 Re4+ 45.Kg3 Nf5+ 46.Kf2 g3+ 47.Kg1 Nd6 48.Rc3 Rf4 49.Rxg3 Nxb5 50.Nb8 Rd4
51.Rg5 Na3 52.Rg3 Nb1 53.Bxc4 Rxc4 54.Nd7+ Ke6 55.Nxb6 Rxb4 56.Rg6+ Kf7 57.Rd6 Be4
58.Kf2 Nc3 59.g3 Bh1 60.Ke3 Rxb6  0-1

[Event "FISS Int"]
[Site "San Cristobal VEN"]
[Date "2008.02.03"]
[Round "8"]
[White "Marichal,A"]
[Black "Castro,O"]
[Result "1/2-1/2"]
[WhiteElo "2214"]
[BlackElo "2389"]

1.d4 Nf6 2.c4 e6 3.Nf3 Bb4+ 4.Nc3 c5 5.e3 cxd4 6.exd4 d5 7.Bd3 dxc4 8.Bxc4 O-O
9.O-O Nc6 10.Bg5 b6 11.Qa4 Bb7 12.d5 exd5 13.Nxd5 Be7 14.Rad1 Nxd5 15.Bxd5 Bxg5
16.Bxc6 Bxc6 17.Qxc6 Qf6 18.Rd6 Qf4 19.Rd4 Qf6 20.Rd6 Qf4 21.Rd4 Qf6  1/2-1/2

[Event "Velammal 45th National A ch-IND"]
[Site "Chennai IND"]
[Date "2008.02.04"]
[Round "2"]
[White "Sundararajan,K"]
[Black "Karthikeyan,P"]
[Result "1/2-1/2"]
[WhiteElo "2442"]
[BlackElo "2327"]

1.d4 Nf6 2.c4 e6 3.Nc3 Bb4 4.Nf3 c5 5.g3 cxd4 6.Nxd4 O-O 7.Bg2 d5 8.cxd5 Nxd5
9.Qb3 Qa5 10.Bd2 Nc6 11.Nxc6 bxc6 12.O-O Bxc3 13.bxc3 Ba6 14.Rfd1 Qc5 15.e4 Bc4
16.Qa4 Nb6 17.Qb4 Qh5 18.Bf4 c5 19.Qb2 Be2 20.Re1 Bd3 21.a4 e5 22.Bc1 Rab8
23.a5 Nc4 24.Qa2 Rb5 25.a6 Ra5 26.Qxa5 Nxa5 27.Rxa5 Qg6 28.Be3 Bxa6 29.Bxc5 Ra8
30.Rd1 Qg4 31.Rd6 Bc4 32.Rxa7 Qc8 33.Bf1  1/2-1/2

[Event "4th Open C Women"]
[Site "Moscow RUS"]
[Date "2008.02.04"]
[Round "3"]
[White "Danielian,E"]
[Black "Kovanova,B"]
[Result "1/2-1/2"]
[WhiteElo "2480"]
[BlackElo "2348"]

1.d4 Nf6 2.c4 e6 3.Nc3 Bb4 4.Nf3 b6 5.Qb3 c5 6.Bg5 h6 7.Bh4 Nc6 8.d5 Na5
9.Qc2 d6 10.dxe6 Bxe6 11.O-O-O Bxc3 12.Qxc3 Qe7 13.e4 O-O-O 14.Bd3 g5 15.Nxg5 hxg5
16.Bxg5 Nxe4 17.Bxe7 Nxc3 18.bxc3 Rdg8 19.Bxd6 Nxc4 20.Bg3 b5 21.Rhe1 Rd8
22.Be4 Nb6 23.Rxd8+ Rxd8 24.h4 Nd5 25.Be5 f6 26.Bg3 Nxc3 27.Bc2 Nxa2+ 28.Kb1 Bc4
29.Re7 Rd6 30.Bg6 b4 31.Bf7 Nc3+ 32.Kc2 Bd3+ 33.Kb3 Kd8 34.Rxa7 Rd7 35.Rxd7+ Kxd7
36.f3 Nd1 37.Bf4 Ke7 38.Bg8 Nc3 39.h5 Bb1 40.Kb2 Kf8 41.Bb3 Kg7 42.Bd6 Bd3
43.Bxc5 Bf1 44.g4 Be2 45.Bxb4 Bxf3 46.Be6 Nd1+ 47.Kc1 Nf2 48.Kd2 Nxg4  1/2-1/2

[Event "Velammal 45th National A ch-IND"]
[Site "Chennai IND"]
[Date "2008.02.05"]
[Round "3"]
[White "Bakre,T"]
[Black "Adhiban,B"]
[Result "1-0"]
[WhiteElo "2459"]
[BlackElo "2401"]

1.d4 Nf6 2.c4 e6 3.Nc3 Bb4 4.Nf3 b6 5.Bg5 h6 6.Bh4 Bb7 7.Nd2 Qe7 8.Qc2 c5
9.d5 Bxc3 10.bxc3 exd5 11.cxd5 Bxd5 12.O-O-O Be4 13.Qb3 Nc6 14.Bxf6 gxf6
15.Qa4 Bg6 16.e4 O-O 17.f4 f5 18.exf5 Bxf5 19.g4 Bh7 20.f5 Qe3 21.Kb2 b5
22.Bxb5 Rab8 23.Kc2 Rfc8 24.Bxc6 Rxc6 25.Qe4 Qg5 26.Rb1 Rf8 27.Qd5 Qf4 28.Qe4 Qg5
29.Rhe1 d5 30.Qxd5 Ra6 31.Qc4 Rc6 32.Rb7 Rd6 33.Ne4 Qd8 34.Nxd6 Qxd6 35.Re8  1-0

[Event "Velammal 45th National A ch-IND"]
[Site "Chennai IND"]
[Date "2008.02.06"]
[Round "4"]
[White "Sundararajan,K"]
[Black "Mishra,N"]
[Result "1/2-1/2"]
[WhiteElo "2442"]
[BlackElo "2349"]

1.d4 Nf6 2.c4 e6 3.Nc3 Bb4 4.Nf3 O-O 5.Bg5 c5 6.Rc1 cxd4 7.Nxd4 Be7 8.e3 a6
9.Be2 d6 10.O-O Nbd7 11.Bh4 Qc7 12.Bg3 b6 13.Bf3 Bb7 14.Bxb7 Qxb7 15.Qe2 g6
16.h3 Rfc8 17.Rfd1 Ne5 18.b3 Ne8 19.Qc2 Rab8 20.Qe4 Qxe4 21.Nxe4 f5 22.Nc3 Kf7
23.e4 Nc6 24.Nf3 Rb7 25.exf5 gxf5 26.Ne2 e5 27.Nc3 Ng7 28.Nd5 Bd8 29.Nc3 Be7
30.Nd5 Bd8 31.Nc3  1/2-1/2

[Event "Velammal 45th National A ch-IND"]
[Site "Chennai IND"]
[Date "2008.02.06"]
[Round "4"]
[White "Negi,P"]
[Black "Shetty,R"]
[Result "1/2-1/2"]
[WhiteElo "2526"]
[BlackElo "2320"]

1.d4 Nf6 2.c4 e6 3.Nc3 Bb4 4.Nf3 c5 5.g3 cxd4 6.Nxd4 O-O 7.Bg2 d5 8.cxd5 Nxd5
9.Bd2 Nxc3 10.bxc3 Ba5 11.O-O e5 12.Nb3 Bb6 13.c4 Nc6 14.Bd5 Bg4 15.a4 a6
16.Bc3 Qf6 17.c5 Bc7 18.Qc2 Be6 19.e4 Bh3 20.f4 Bxf1 21.Rxf1 Qe7 22.f5 Kh8
23.f6 gxf6 24.Qf2 Rg8 25.Qxf6+ Qxf6 26.Rxf6 Nd8 27.Rf5 Kg7 28.Bxe5+ Bxe5
29.Rxe5 Kf8 30.Rh5 Rh8 31.Na5 Rb8 32.Rh6 Rc8 33.Nxb7 Nxb7 34.Bxb7 Rxc5 35.Rxa6 Ke7
36.Bd5 f5 37.Re6+ Kd7 38.Rh6 fxe4 39.Bxe4 Ke7 40.Kg2 Kf7 41.g4 Kg7 42.Ra6 Rhc8
43.h4 R8c7 44.a5 Rc4 45.Re6 Ra4 46.a6 Rc3 47.Bf3 Ra2+ 48.Be2 Kf7 49.Re4 Rcc2
50.Kf3 Rxe2 51.Rxe2 Rxa6 52.Kf4 h6 53.Re5 Ra1 54.Re3 Rh1 55.h5 Rf1+ 56.Ke5 Rg1
57.Rf3+ Kg7 58.Kf5 Ra1 59.Re3 Rf1+ 60.Ke5 Rg1 61.Re4 Ra1 62.Ke6 Rg1 63.Rd4 Re1+
64.Kf5 Rf1+ 65.Ke5 Re1+ 66.Kf4 Rf1+ 67.Kg3 Rg1+ 68.Kf2 Ra1 69.Rd7+ Kg8 70.Ke3 Rf1
71.Ke4 Rf2 72.Ke5 Rf1 73.Rc7 Rf2 74.Rc6 Kg7 75.Rg6+ Kh7 76.Rf6 Re2+ 77.Kf5 Rf2+
78.Ke6 Re2+ 79.Kf7 Re4 80.Rg6 Rf4+ 81.Ke7 Ra4  1/2-1/2

[Event "Velammal 45th National A ch-IND"]
[Site "Chennai IND"]
[Date "2008.02.07"]
[Round "5"]
[White "Mohota,N"]
[Black "Lalith,B"]
[Result "0-1"]
[WhiteElo "2409"]
[BlackElo "2299"]

1.d4 Nf6 2.c4 e6 3.Nc3 Bb4 4.Nf3 c5 5.g3 O-O 6.Bg2 Qe7 7.O-O Bxc3 8.bxc3 d6
9.Nd2 Qc7 10.Ba3 Nbd7 11.e4 e5 12.f4 Re8 13.fxe5 dxe5 14.d5 Nf8 15.Nb3 b6
16.Bc1 Bg4 17.Qe1 Bh5 18.Bg5 N8d7 19.Bh3 h6 20.Bd2 b5 21.Bc1 bxc4 22.Nd2 Bg6
23.Bf5 Bxf5 24.Rxf5 Qa5 25.Nxc4 Qa6 26.Nd2 c4 27.Qe2 Rac8 28.g4 Nc5 29.g5 hxg5
30.Rxg5 Qb6 31.Kf1 Nxd5 32.Nxc4 Qf6+ 33.Rf5 Nxc3 34.Rxf6 Nxe2 35.Kxe2 Nxe4
36.Ra6 Rxc4 37.Rxa7 Rec8 38.Be3 Rc2+ 39.Kf3 f5 40.Rg1 g5 41.Ra4 Kf7 42.Rxe4 fxe4+
43.Kxe4 Ke6 44.Rxg5 R8c4+ 45.Kf3 Rxh2 46.a3 Rh3+ 47.Rg3 Rxg3+ 48.Kxg3 Rc3  0-1

[Event "Velammal 45th National A ch-IND"]
[Site "Chennai IND"]
[Date "2008.02.09"]
[Round "7"]
[White "Arun Prasad,S"]
[Black "Sethuraman,S"]
[Result "1/2-1/2"]
[WhiteElo "2423"]
[BlackElo "2424"]

1.d4 Nf6 2.c4 e6 3.Nc3 Bb4 4.Nf3 c5 5.g3 cxd4 6.Nxd4 O-O 7.Bg2 d5 8.O-O dxc4
9.Qa4 Qa5 10.Qxa5 Bxa5 11.Ndb5 Rd8 12.Rd1 Rxd1+ 13.Nxd1 Nc6 14.Nd6 Bc7 15.Nxc4 e5
16.b3 Be6 17.Bb2 Bd5 18.Rc1 Rd8 19.Bxd5 Nxd5 20.Nde3 Nxe3 21.Nxe3 Rd2  1/2-1/2

[Event "4th Open A"]
[Site "Moscow RUS"]
[Date "2008.02.09"]
[Round "8"]
[White "Sergienko,S"]
[Black "Ahmed,SN"]
[Result "1/2-1/2"]
[WhiteElo "2449"]
[BlackElo "2379"]

1.d4 Nf6 2.c4 e6 3.Nc3 Bb4 4.Nf3 c5 5.g3 O-O 6.Bg2 cxd4 7.Nxd4 d5 8.cxd5 Nxd5
9.Qb3 Nc6 10.Nxc6 bxc6 11.O-O Qa5 12.Bd2 Bxc3 13.bxc3 Ba6 14.Rfd1 Qc5 15.e4 Bc4
16.Qc2 Nb6 17.Be3 Qa5 18.f4 Bb5 19.a4 Bxa4 20.Rd4 Bxc2 21.Rxa5 Rfc8 22.Rb4 h6
23.c4 Bd3 24.Bf1 c5 25.Bxc5 Bxe4  1/2-1/2

[Event "TCh-BEL 2007-8"]
[Site "Belgium BEL"]
[Date "2008.02.10"]
[Round "8"]
[White "Miedema,R"]
[Black "Van der Stricht,G"]
[Result "0-1"]
[WhiteElo "2287"]
[BlackElo "2424"]

1.d4 Nf6 2.c4 e6 3.Nc3 Bb4 4.Nf3 c5 5.e3 O-O 6.Bd3 d5 7.O-O dxc4 8.Bxc4 Nbd7
9.a3 Ba5 10.Re1 a6 11.Ba2 b5 12.e4 b4 13.axb4 cxb4 14.Na4 b3 15.Bxb3 Bxe1
16.Qxe1 Bb7 17.Nc3 Qb6 18.Ra3 Rfc8 19.h3 Nxe4 20.Bc2 Nxc3 21.bxc3 Bxf3 22.gxf3 Nf6
23.Bd3 a5 24.Bg5 Qb2 25.Bc1 Qb6 26.Bg5 Qd6 27.Ra1 a4 28.Bxf6 gxf6 29.Qe3 Kg7
30.Kh1 a3 31.Qe4 Kf8 32.c4 a2 33.c5 Qd5 34.Kg1 Ra4 35.Qxd5 exd5 36.Bc2 Rxd4
37.Rxa2 Rd2  0-1